El exilio y el reino /

Gardado en:
Detalles Bibliográficos
Autor Principal: Camus, Albert (autor)
Outros autores: Bixio, Alberto Luis (traducción) (traducción)
Formato: Libro
Idioma:Lingua castelá
Publicado: Buenos Aires, Argentina : Losada, 1977, c1960
Series:(Novelistas de Nuestra Epoca)
Temas:
Etiquetas: Engadir etiqueta
Sen Etiquetas, Sexa o primeiro en etiquetar este rexistro!

MARC

LEADER 00000nam^a2200000^a^4500
001 000002854
005 20250714101428.0
009 20260310083205.307
037 |a Acervo ITESO - Biblioteca 
041 |a ESP 
082 |a 843.  |b CAM 
100 |a Camus, Albert  |e (autor) 
240 1 4 |a [El exilio y el reino] 
245 1 3 |a El exilio y el reino /  |c A. Camus ; tr. por A.L. Bixio. 
264 4 |a Buenos Aires, Argentina :  |b Losada,  |c 1977, c1960 
300 |a 177 p. 
336 |a texto  |b txt  |2 rdacontenido 
337 |a sin mediación  |b n  |2 rdamedio 
338 |a volumen  |b nc  |2 rdasoporte 
440 1 |a (Novelistas de Nuestra Epoca) 
500 |a Traducción de: L'exil et le royaume: La femme adultère; Le renégat ou un esprit confus; Les muets; L'hôte; Jonas ou l'artiste au travail; La pierre qui pousse 
545 0 |a Albert Camus (Mondovi, Argelia, 1913-Villeblevin, Yonne, 1960), novelista, ensayista y dramaturgo francés. Nacido en Argelia en una familia francesa, estudió en Argel. Ya en París, desde 1940, participó en la resistencia; durante la posguerra fue jefe de redacción del periódico Combat. Alcanzó el éxito literario con sus novela El extranjero (1942), La peste (1947), La muerte feliz (publicada de manera póstuma, en 1971); los ensayos El mito de Sísifo (1942), El hombre rebelde (1951); los libros de cuentos La caída (1956), El exilio y el reino (1957); una serie de obras de teatro: El malentendido (1944), Calígula (1938), El estado de sitio (1948), Los justos (1950), así como con adaptaciones dramáticas de obra de Faulkner, Lope de Vega y Dostoievski. Tema central en su obra es la problemática del absurdo: el hombre busca una justificación a su existencia y no la encuentra, por lo que se convierte en un extraño para sí mismo; la reflexión existencialista de Camus cercana y contemporánea a la de Sartre, gradualmente se traslada de los temas de la soledad y la muerte, hacia la esperanza y la solidaridad humana como posibles soluciones a su drama. 
586 |a Premio Nobel de Literatura 1957 
649 |a XX 
650 |a Cuentos Franceses 
650 |a Literatura Francesa -  |y Siglo XX 
650 |a Existencialismo en la Literatura 
650 |a Filosofía y Literatura -  |z Francia 
650 |a Comunicación Personal en la Literatura 
650 |a Fraternidad en la Literatura 
740 3 |a La mujer adúltera /  |c A. Camus. 
740 3 |a El renegado o un espíritu confundido /  |c A. Camus. 
740 4 |a Los mudos /  |c A. Camus. 
740 3 |a El huésped /  |c A. Camus. 
740 0 |a Jonás o el artista en el trabajo /  |c A. Camus. 
740 3 |a La piedra que crece /  |c A. Camus. 
700 |a Bixio, Alberto Luis  |e (traducción) 
910 |a Fondo General 
920 |a Impresos - Libros 
930 |a Colección General 
940 |a Literatura 
905 |a 101 
901 |a 0028540100  |b IT1  |c LIT  |i 002854  |u 20250521 
902 |a https://opac.biblio.iteso.mx/vufind/Record/000002854